[Event "NB II. Erkel csoport"]
[Site "Budapest"]
[Date "2023.12.10"]
[Round "3.10"]
[White "Janosi, Bence"]
[Black "Molnar, Laszlo"]
[Result "1-0"]
[WhiteElo "1671"]
[BlackElo "1577"]
[PlyCount "53"]
[EventDate "2023.10.08"]
[EventType "team-tourn"]
[EventRounds "9"]
[EventCountry "HUN"]
[Source "chess.hu"]
[WhiteTeam "TFSE"]
[BlackTeam "Godolloi SBE"]
[WhiteTeamCountry "HUN"]
[BlackTeamCountry "HUN"]

1. d4 Nf6 2. c4 e6 3. Nc3 d5 4. Nf3 c6 5. Bg5 Be7 6. e3 Nbd7 7. Bd3 O-O 8. O-O
dxc4 9. Bxc4 Nd5 10. Bxe7 Qxe7 11. e4 Nxc3 12. bxc3 Nf6 13. Qc2 h6 14. Bb3 b6
15. c4 c5 16. d5 Bb7 17. Rfe1 e5 18. Qb2 Nd7 19. Ba4 f6 20. Nh4 Qf7 21. Nf5 Bc8
22. Bc6 Rb8 23. Re3 Kh7 24. Rh3 Rh8 25. Qd2 Kg8 26. Ra3 Nf8 27. d6 1-0

[Event "NB II. Erkel csoport"]
[Site "Budapest"]
[Date "2023.12.10"]
[Round "3.11"]
[White "Haaz, Gabor Istvan"]
[Black "Ilko-Toth, Andras"]
[Result "0-1"]
[WhiteElo "1423"]
[BlackElo "1753"]
[PlyCount "160"]
[EventDate "2023.10.08"]
[EventType "team-tourn"]
[EventRounds "9"]
[EventCountry "HUN"]
[Source "chess.hu"]
[WhiteTeam "Godolloi SBE"]
[BlackTeam "TFSE"]
[WhiteTeamCountry "HUN"]
[BlackTeamCountry "HUN"]

1. e4 c5 2. Nf3 e6 3. d4 cxd4 4. Nxd4 a6 5. Nc3 Qc7 6. Be3 Nf6 7. Bd3 Bb4 8.
Bd2 b5 9. O-O Be7 10. Qf3 d6 11. a3 Nbd7 12. Rfe1 Bb7 13. Qg3 Ne5 14. Kh1 Nxd3
15. Qxd3 O-O 16. Qg3 Kh8 17. f4 Qc4 18. Qd3 Rac8 19. h3 Nd7 20. Qxc4 Rxc4 21.
Nf3 Rfc8 22. Rad1 Nf6 23. e5 Nd5 24. Nxd5 Bxd5 25. c3 Kg8 26. Nd4 dxe5 27. fxe5
R4c7 28. Bf4 h6 29. Ne2 Rc4 30. Nd4 R4c7 31. Kh2 Bc5 32. Kh1 Rb7 33. Be3 Ba7
34. Ra1 a5 35. Nc2 Bb3 36. Bxa7 Bxc2 37. Bd4 Bb3 38. Kg1 Bd5 39. Kf2 Rc6 40.
Kg1 Rc4 41. Kh1 b4 42. axb4 axb4 43. Ra4 bxc3 44. Rxc4 Bxc4 45. Bxc3 Bd5 46.
Rf1 Kh7 47. Kh2 Kg6 48. Kg3 Rd7 49. Rf2 Bc6 50. Kh2 Rd3 51. Kg1 Bd5 52. Kh2 h5
53. Rf4 Re3 54. Rf1 Be4 55. Rf2 Bf5 56. Rd2 h4 57. Rf2 Kh5 58. Rd2 g5 59. Rd8
Be4 60. Rh8+ Kg6 61. Rd8 Bd5 62. Rg8+ Kh6 63. Rxg5 Kxg5 64. Bd2 Kf4 65. Bxe3+
Kxe3 66. g3 hxg3+ 67. Kxg3 Ke4 68. Kg4 Kxe5 69. h4 Kf6 70. b4 Kg7 71. Kg5 f6+
72. Kf4 Kh6 73. Kg4 f5+ 74. Kf4 Kh5 75. Kg3 e5 76. b5 f4+ 77. Kf2 Kxh4 78. Ke2
Kg3 79. Kf1 Bc4+ 80. Ke1 Bxb5 0-1

[Event "NB II. Erkel csoport"]
[Site "Budapest"]
[Date "2023.12.10"]
[Round "3.12"]
[White "Wang, Luomeng"]
[Black "Dezso, Edmond Bence"]
[Result "0-1"]
[WhiteElo "1610"]
[BlackElo "1297"]
[PlyCount "104"]
[EventDate "2023.10.08"]
[EventType "team-tourn"]
[EventRounds "9"]
[EventCountry "HUN"]
[Source "chess.hu"]
[WhiteTeam "TFSE"]
[BlackTeam "Godolloi SBE"]
[WhiteTeamCountry "HUN"]
[BlackTeamCountry "HUN"]

1. d4 Nf6 2. c4 g6 3. Nf3 Bg7 4. g3 d6 5. Bg2 Nbd7 6. O-O c5 7. d5 O-O 8. Nbd2
Ng4 9. e4 Nge5 10. Qc2 Nxf3+ 11. Nxf3 Ne5 12. Nxe5 Bxe5 13. Bh6 Bg7 14. Bxg7
Kxg7 15. f4 f5 16. e5 Re8 17. e6 a6 18. Qc3+ Kg8 19. g4 Rf8 20. g5 b5 21. b3 b4
22. Qh3 Kh8 23. Be4 fxe4 24. f5 Rxf5 25. Rxf5 gxf5 26. Qxf5 Qg8 27. Rf1 Bb7 28.
h4 Qg6 29. Qg4 Rg8 30. Rf7 Rg7 31. Rf8+ Rg8 32. Rf7 e3 33. Qe2 Rg7 34. Qf1 e2
35. Rf8+ Rg8 36. Rxg8+ Kxg8 37. Qxe2 h6 38. Qf3 hxg5 39. Qg2 g4 40. Qf2 Qf6 41.
Qc2 g3 42. Kg2 Qf2+ 43. Qxf2 gxf2 44. Kxf2 a5 45. Ke2 Kg7 46. Kd2 Kg6 47. Kc2
Kh5 48. Kb2 Kxh4 49. a3 Kg4 50. axb4 axb4 51. Kc2 Kf4 52. Kd3 Kf3 0-1

[Event "NB II. Erkel csoport"]
[Site "Fot"]
[Date "2023.12.10"]
[Round "3.1"]
[White "Miszler, Levente"]
[Black "Sagi, Bence"]
[Result "0-1"]
[WhiteElo "2305"]
[BlackElo "2165"]
[PlyCount "120"]
[EventDate "2023.10.08"]
[EventType "team-tourn"]
[EventRounds "9"]
[EventCountry "HUN"]
[Source "chess.hu"]
[WhiteTeam "EUTender-Sinus-SDSE"]
[BlackTeam "Fot SE-LearningChess"]
[WhiteTeamCountry "HUN"]
[BlackTeamCountry "HUN"]

1. d4 Nf6 2. c4 c5 3. d5 e6 4. Nc3 exd5 5. cxd5 d6 6. Nf3 g6 7. Bf4 Bg7 8. Qa4+
Bd7 9. Qb3 Qc7 10. e4 O-O 11. Nd2 Nh5 12. Be3 f5 13. exf5 gxf5 14. Be2 f4 15.
Bxc5 Qxc5 16. Bxh5 a5 17. Nde4 Qb4 18. O-O Bf5 19. Bf3 Nd7 20. Nb5 Qxb3 21.
axb3 Bxb2 22. Ra2 Bxe4 23. Bxe4 Be5 24. Nc7 Ra7 25. Nb5 Raa8 26. Nc7 Ra7 27.
Ne6 Rc8 28. g3 Rc3 29. gxf4 Bf6 30. Rc2 Rxc2 31. Bxc2 b5 32. Ng5 Nc5 33. Re1 a4
34. bxa4 bxa4 35. Bb1 a3 36. Ba2 Re7 37. Rxe7 Bxe7 38. Nf3 Nd3 39. Nd4 Nb4 40.
Bc4 a2 41. Nb3 Bf6 42. Kg2 a1=Q 43. Nxa1 Bxa1 44. Kf3 Kg7 45. Ke4 Nc2 46. Bd3
Nd4 47. Bc4 Kf6 48. Bd3 Nf5 49. Ba6 Ne7 50. Bc4 Bb2 51. Be2 Bc1 52. Bg4 Ng6 53.
f5 Ne7 54. f4 Ng8 55. Be2 Nh6 56. Bd3 Nxf5 57. Bb5 Ne7 58. Bd7 Ng6 59. f5 Ne5
60. Be8 Ng4 0-1

[Event "NB II. Erkel csoport"]
[Site "Fot"]
[Date "2023.12.10"]
[Round "3.2"]
[White "Bravin, Alexey"]
[Black "Dudas, Janos"]
[Result "0-1"]
[WhiteElo "2055"]
[BlackElo "2330"]
[PlyCount "102"]
[EventDate "2023.10.08"]
[EventType "team-tourn"]
[EventRounds "9"]
[EventCountry "HUN"]
[Source "chess.hu"]
[WhiteTeam "Fot SE-LearningChess"]
[BlackTeam "EUTender-Sinus-SDSE"]
[WhiteTeamCountry "HUN"]
[BlackTeamCountry "HUN"]

1. e4 d6 2. d4 Nf6 3. Nc3 g6 4. Nf3 Bg7 5. Be3 O-O 6. Qd2 Ng4 7. Bg5 h6 8. Bh4
c6 9. O-O-O b5 10. h3 Nf6 11. e5 b4 12. exf6 bxc3 13. Qxc3 exf6 14. g4 Qb6 15.
Bd3 Be6 16. Nd2 f5 17. Nc4 Bxc4 18. Bxc4 d5 19. Bb3 g5 20. Bg3 f4 21. Bh2 Nd7
22. f3 a5 23. Ba4 Rfc8 24. Bg1 Qb7 25. Qb3 Qa6 26. Qd3 Nb6 27. b3 Nxa4 28. bxa4
Rcb8 29. c3 Qxd3 30. Rxd3 Bf8 31. Rd2 Ba3+ 32. Kc2 Rb2+ 33. Kd3 Rxd2+ 34. Kxd2
Rb8 35. Rh2 Rb1 36. Bf2 Rb2+ 37. Kd3 Rxa2 38. h4 Be7 39. hxg5 hxg5 40. Bg1 Rxa4
41. Rb2 Ra1 42. Bf2 a4 43. c4 Ra3+ 44. Ke2 dxc4 45. Rc2 c3 46. Kd3 Rb3 47. Be1
a3 48. Bxc3 Bb4 49. Kc4 Rxc3+ 50. Rxc3 Bxc3 51. Kxc3 f5 0-1

[Event "NB II. Erkel csoport"]
[Site "Fot"]
[Date "2023.12.10"]
[Round "3.3"]
[White "Szieberth, Adam"]
[Black "Gubics, Peter"]
[Result "1-0"]
[WhiteElo "2267"]
[BlackElo "1975"]
[PlyCount "89"]
[EventDate "2023.10.08"]
[EventType "team-tourn"]
[EventRounds "9"]
[EventCountry "HUN"]
[Source "chess.hu"]
[WhiteTeam "EUTender-Sinus-SDSE"]
[BlackTeam "Fot SE-LearningChess"]
[WhiteTeamCountry "HUN"]
[BlackTeamCountry "HUN"]

1. e4 e6 2. Nf3 d5 3. exd5 exd5 4. d4 Bd6 5. Bg5 Ne7 6. c4 c6 7. c5 Bc7 8. Bd3
f6 9. Bh4 Bf5 10. O-O O-O 11. Re1 Bxd3 12. Qxd3 Qd7 13. Nbd2 Nf5 14. Re2 Na6
15. a3 Bf4 16. Nf1 Rae8 17. Rae1 Rxe2 18. Rxe2 Nc7 19. Bg3 Bxg3 20. Nxg3 Nxg3
21. hxg3 Re8 22. b4 Rxe2 23. Qxe2 Qe6 24. Qxe6+ Nxe6 25. Kf1 g5 26. g4 h5 27.
gxh5 g4 28. Nh2 f5 29. Ke2 Nxd4+ 30. Kd3 Ne6 31. g3 Kg7 32. Nf1 Kf6 33. Ne3 Ng5
34. a4 Ne4 35. h6 Nxf2+ 36. Ke2 Ne4 37. Nxf5 Kg6 38. Ke3 Nc3 39. a5 a6 40. Nd6
Kxh6 41. Nxb7 Na2 42. b5 Nb4 43. b6 d4+ 44. Kxd4 Nd5 45. Nd8 1-0

[Event "NB II. Erkel csoport"]
[Site "Fot"]
[Date "2023.12.10"]
[Round "3.4"]
[White "Bokros, Istvan"]
[Black "Lehmann, Zoltan"]
[Result "0-1"]
[WhiteElo "1996"]
[BlackElo "2262"]
[PlyCount "70"]
[EventDate "2023.10.08"]
[EventType "team-tourn"]
[EventRounds "9"]
[EventCountry "HUN"]
[Source "chess.hu"]
[WhiteTeam "Fot SE-LearningChess"]
[BlackTeam "EUTender-Sinus-SDSE"]
[WhiteTeamCountry "HUN"]
[BlackTeamCountry "HUN"]

1. e4 e6 2. d4 d5 3. Nc3 Nf6 4. e5 Nfd7 5. f4 c5 6. Nf3 Nc6 7. Be3 a6 8. Qd2 b5
9. O-O-O b4 10. Ne2 c4 11. Kb1 Nb6 12. Qe1 a5 13. g4 a4 14. Ng3 b3 15. Bd2 Qc7
16. a3 bxc2+ 17. Kxc2 Nd7 18. Bh3 Qb6 19. Qe3 Rb8 20. Rb1 Nc5 21. dxc5 Bxc5 22.
Qc3 d4 23. Qxc4 Ba6 24. Qa2 d3+ 25. Kd1 Nd4 26. Nxd4 Bxd4 27. Ne4 Qc6 28. Nd6+
Ke7 29. Rf1 Qc2+ 30. Ke1 Be3 31. Ne4 Bb7 32. Bb4+ Kd7 33. Nd2 Bd5 34. Qxd5+
exd5 35. Rd1 Rxb4 0-1

[Event "NB II. Erkel csoport"]
[Site "Fot"]
[Date "2023.12.10"]
[Round "3.5"]
[White "Gara-Tarnoczi, Peter"]
[Black "Dancs, Zsolt"]
[Result "0-1"]
[WhiteElo "2199"]
[BlackElo "2043"]
[PlyCount "56"]
[EventDate "2023.10.08"]
[EventType "team-tourn"]
[EventRounds "9"]
[EventCountry "HUN"]
[Source "chess.hu"]
[WhiteTeam "EUTender-Sinus-SDSE"]
[BlackTeam "Fot SE-LearningChess"]
[WhiteTeamCountry "HUN"]
[BlackTeamCountry "HUN"]

1. e4 c5 2. d4 cxd4 3. c3 d3 4. Bxd3 Nc6 5. c4 Nf6 6. Nc3 g6 7. Nf3 Bg7 8. h3
d6 9. Be3 O-O 10. O-O Nd7 11. Rc1 Qa5 12. Qe2 Nde5 13. Nxe5 Nxe5 14. Bb1 Be6
15. Nd5 Bxd5 16. cxd5 b5 17. b3 Rac8 18. f4 Nd7 19. Qg4 Nb6 20. Kh2 h5 21. Qh4
Bf6 22. Qf2 Qa3 23. Rxc8 Rxc8 24. Bd3 b4 25. Kh1 Nd7 26. Bb5 Nc5 27. Rc1 Rb8
28. Bxc5 Qxc1+ 0-1

[Event "NB II. Erkel csoport"]
[Site "Fot"]
[Date "2023.12.10"]
[Round "3.6"]
[White "Piroska, Istvan"]
[Black "Pasztor, Ferenc"]
[Result "0-1"]
[WhiteElo "1928"]
[BlackElo "2085"]
[PlyCount "72"]
[EventDate "2023.10.08"]
[EventType "team-tourn"]
[EventRounds "9"]
[EventCountry "HUN"]
[Source "chess.hu"]
[WhiteTeam "Fot SE-LearningChess"]
[BlackTeam "EUTender-Sinus-SDSE"]
[WhiteTeamCountry "HUN"]
[BlackTeamCountry "HUN"]

1. e4 e5 2. Nf3 Nf6 3. Nxe5 d6 4. Nf3 Nxe4 5. d3 Nf6 6. h3 Be7 7. d4 d5 8. Bd3
h6 9. Bf4 Bd6 10. Be5 O-O 11. O-O Bxe5 12. Nxe5 Nc6 13. Nxc6 bxc6 14. c3 Qd6
15. Nd2 c5 16. Rc1 Rb8 17. b3 Re8 18. Re1 Rxe1+ 19. Qxe1 Bd7 20. Nf3 a5 21. Ne5
a4 22. Nxd7 Qxd7 23. bxa4 Qxa4 24. dxc5 Re8 25. Qd2 Qc6 26. Qb2 Qxc5 27. Qb4
Qa7 28. a4 c5 29. Qb5 c4 30. Bb1 g6 31. Kf1 Kg7 32. Bc2 Qe7 33. Kg1 Qa3 34. Qb1
Re2 35. Kf1 Rd2 36. Bxg6 Qc5 0-1

[Event "NB II. Erkel csoport"]
[Site "Fot"]
[Date "2023.12.10"]
[Round "3.7"]
[White "Vasyliv, Stanislav"]
[Black "Mester, Attila"]
[Result "1-0"]
[WhiteElo "2186"]
[BlackElo "1957"]
[PlyCount "39"]
[EventDate "2023.10.08"]
[EventType "team-tourn"]
[EventRounds "9"]
[EventCountry "HUN"]
[Source "chess.hu"]
[WhiteTeam "EUTender-Sinus-SDSE"]
[BlackTeam "Fot SE-LearningChess"]
[WhiteTeamCountry "HUN"]
[BlackTeamCountry "HUN"]

1. Nf3 Nf6 2. d4 g6 3. c4 Bg7 4. Nc3 d6 5. e4 O-O 6. Be2 e5 7. O-O Na6 8. Qc2
exd4 9. Nxd4 Re8 10. Rd1 Nc5 11. f3 a5 12. Be3 Nfd7 13. Qd2 c6 14. Nb3 Qb6 15.
Nxc5 dxc5 16. Na4 Qb4 17. Qc2 b5 18. a3 Qxa4 19. b3 Bxa1 20. Rxa1 1-0

[Event "NB II. Erkel csoport"]
[Site "Fot"]
[Date "2023.12.10"]
[Round "3.8"]
[White "Harkanyi, Adam"]
[Black "Nadasi, Balazs"]
[Result "1-0"]
[WhiteElo "1806"]
[BlackElo "2111"]
[PlyCount "71"]
[EventDate "2023.10.08"]
[EventType "team-tourn"]
[EventRounds "9"]
[EventCountry "HUN"]
[Source "chess.hu"]
[WhiteTeam "Fot SE-LearningChess"]
[BlackTeam "EUTender-Sinus-SDSE"]
[WhiteTeamCountry "HUN"]
[BlackTeamCountry "HUN"]

1. e4 c5 2. Nf3 d6 3. d4 cxd4 4. Nxd4 Nf6 5. Nc3 g6 6. Be3 Bg7 7. f3 Nc6 8. Qd2
O-O 9. O-O-O Bd7 10. g4 Rc8 11. Kb1 Ne5 12. Be2 a6 13. h4 b5 14. h5 Qa5 15.
hxg6 fxg6 16. Bh6 Bxh6 17. Rxh6 b4 18. Nd5 Nxd5 19. exd5 Qxd5 20. Rxh7 Rf7 21.
Rxf7 Qxf7 22. Qxb4 Kg7 23. Qb3 Qxb3 24. Nxb3 Bb5 25. Bxb5 axb5 26. Nd4 Rb8 27.
g5 Kf7 28. Rh1 Rb6 29. Rh7+ Ke8 30. Rg7 d5 31. f4 Kf8 32. Rh7 Kg8 33. Rxe7 Nc4
34. Kc1 Ra6 35. b3 Kf8 36. Re6 1-0

[Event "NB II. Erkel csoport"]
[Site "Fot"]
[Date "2023.12.10"]
[Round "3.9"]
[White "Deak-Sala, Emilia"]
[Black "Rozsa, Sandor"]
[Result "1-0"]
[WhiteElo "1809"]
[BlackElo "1753"]
[PlyCount "79"]
[EventDate "2023.10.08"]
[EventType "team-tourn"]
[EventRounds "9"]
[EventCountry "HUN"]
[Source "chess.hu"]
[WhiteTeam "EUTender-Sinus-SDSE"]
[BlackTeam "Fot SE-LearningChess"]
[WhiteTeamCountry "HUN"]
[BlackTeamCountry "HUN"]

1. e4 e5 2. Nf3 Nf6 3. Nc3 Bb4 4. Bc4 d6 5. a3 Bxc3 6. dxc3 O-O 7. Qe2 Be6 8.
Bg5 Nbd7 9. O-O-O Nc5 10. Nd2 a6 11. Bxe6 Nxe6 12. Bh4 b5 13. Nf1 h6 14. f3 Nf4
15. Qd2 Ng6 16. Bf2 Qe7 17. h4 Qe6 18. Kb1 Rfb8 19. g4 Nf4 20. Be3 a5 21. Bxf4
exf4 22. g5 Nh5 23. Qd5 Qxd5 24. Rxd5 b4 25. cxb4 axb4 26. axb4 Rxb4 27. gxh6
g6 28. b3 Kh7 29. Nh2 Kxh6 30. Ng4+ Kg7 31. e5 Rb6 32. Rhd1 dxe5 33. Rxe5 Rba6
34. Rd7 Ra1+ 35. Kb2 R8a2+ 36. Kc3 Rc1 37. Ree7 Rcxc2+ 38. Kb4 Rd2 39. Rxf7+
Kg8 40. Nh6+ 1-0

[Event "NB II. Erkel csoport"]
[Site "Fot"]
[Date "2023.12.10"]
[Round "3.10"]
[White "Karpati, Bank"]
[Black "Varaljai, Istvan"]
[Result "0-1"]
[WhiteElo "1830"]
[BlackElo "1895"]
[PlyCount "82"]
[EventDate "2023.10.08"]
[EventType "team-tourn"]
[EventRounds "9"]
[EventCountry "HUN"]
[Source "chess.hu"]
[WhiteTeam "Fot SE-LearningChess"]
[BlackTeam "EUTender-Sinus-SDSE"]
[WhiteTeamCountry "HUN"]
[BlackTeamCountry "HUN"]

1. d4 Nf6 2. Nf3 d5 3. c4 c6 4. cxd5 cxd5 5. Nc3 Nc6 6. Bg5 e6 7. e3 Be7 8. Bd3
Bd7 9. O-O h6 10. Bh4 O-O 11. Rc1 Rc8 12. Bb1 g6 13. Qd2 Kg7 14. Rfd1 b6 15.
Qe2 Na5 16. Ne5 Nc4 17. f4 Nd6 18. Bxf6+ Bxf6 19. Bd3 Bxe5 20. fxe5 Nf5 21.
Bxf5 gxf5 22. Nb5 Bxb5 23. Qxb5 Qg5 24. Qe2 h5 25. Qf3 Kh7 26. Qf4 Qg6 27. Qf2
Rg8 28. h3 Qg5 29. Rxc8 Rxc8 30. Qd2 Kg6 31. Rc1 Rxc1+ 32. Qxc1 Qg3 33. Qd2 f6
34. exf6 Kxf6 35. Qf2 f4 36. Qxf4+ Qxf4 37. exf4 Kf5 38. Kf2 Kxf4 39. g3+ Ke4
40. g4 hxg4 41. hxg4 Kxd4 0-1

[Event "NB II. Erkel csoport"]
[Site "Fot"]
[Date "2023.12.10"]
[Round "3.11"]
[White "Horvath, Csaba"]
[Black "Schmelowszky, David"]
[Result "1/2-1/2"]
[WhiteElo "1705"]
[BlackElo "1592"]
[PlyCount "82"]
[EventDate "2023.10.08"]
[EventType "team-tourn"]
[EventRounds "9"]
[EventCountry "HUN"]
[Source "chess.hu"]
[WhiteTeam "EUTender-Sinus-SDSE"]
[BlackTeam "Fot SE-LearningChess"]
[WhiteTeamCountry "HUN"]
[BlackTeamCountry "HUN"]

1. e4 c5 2. Nf3 Nc6 3. d4 cxd4 4. Nxd4 Nf6 5. Nc3 e5 6. Ndb5 d6 7. Bg5 a6 8.
Na3 b5 9. Bxf6 Qxf6 10. Nd5 Qh4 11. Bd3 Ra7 12. O-O Be6 13. Qe1 Rb7 14. c3 g6
15. f4 Qxe1 16. Raxe1 Bg7 17. Nc2 Bxd5 18. exd5 Ne7 19. f5 Nxf5 20. Bxf5 gxf5
21. Nb4 a5 22. Nc6 b4 23. c4 a4 24. Rxf5 f6 25. Re4 Kf7 26. g4 Kg6 27. Kg2 h5
28. Rxh5 Rxh5 29. gxh5+ Kxh5 30. Nd8 Rd7 31. Ne6 f5 32. Re3 f4 33. Rh3+ Kg6 34.
Rh4 Re7 35. Rg4+ Kh7 36. Kf3 Bf6 37. Ke4 Rf7 38. Rg2 Bh4 39. Rg4 Bf6 40. Rg2
Bh4 41. Rg4 Bf6 1/2-1/2

[Event "NB II. Erkel csoport"]
[Site "Eger"]
[Date "2023.12.10"]
[Round "3.1"]
[White "Szamoskozi, Gabor"]
[Black "Huszar, Mark"]
[Result "1/2-1/2"]
[WhiteElo "2247"]
[BlackElo "2066"]
[PlyCount "141"]
[EventDate "2023.10.08"]
[EventType "team-tourn"]
[EventRounds "9"]
[EventCountry "HUN"]
[Source "chess.hu"]
[WhiteTeam "Vizugyi SC"]
[BlackTeam "Egri Bolyky BastyaSE"]
[WhiteTeamCountry "HUN"]
[BlackTeamCountry "HUN"]

1. e4 e5 2. Nf3 Nc6 3. d4 exd4 4. Nxd4 Nf6 5. Nxc6 bxc6 6. e5 Qe7 7. Qe2 Nd5 8.
c4 Qb4+ 9. Nd2 Nf4 10. Qe4 Ne6 11. a3 Qb6 12. b4 Qd4 13. Qxd4 Nxd4 14. Bd3 a5
15. Bb2 Ne6 16. bxa5 Rxa5 17. g3 Nc5 18. Bc2 Na4 19. Nb3 Ra8 20. Bc1 Ba6 21.
Na5 Nb6 22. Bd3 Bc5 23. Ra2 O-O 24. O-O Bd4 25. Bf4 g5 26. Bxg5 Bxe5 27. Rc1
Rfe8 28. Bf1 d5 29. Nxc6 Bxc4 30. Bxc4 dxc4 31. Nxe5 Rxe5 32. Bf4 Rc5 33. Be3
Rc6 34. Kf1 Ra4 35. Ke2 Kg7 36. Bd4+ Kg6 37. Rac2 Kf5 38. f3 h5 39. Ra1 Nd5 40.
Kd2 h4 41. gxh4 Kf4 42. Ke2 Re6+ 43. Kf2 Ne7 44. Rg1 Rxa3 45. Rg4+ Kf5 46. Rxc4
Rc6 47. Rxc6 Nxc6 48. Bg7 f6 49. Rg3 Ne5 50. h5 Ra2+ 51. Kg1 Ra4 52. h6 Rh4 53.
Kg2 Nf7 54. Rg4 Rh5 55. Rc4 Nxh6 56. Rc5+ Kg6 57. Rxh5 Kxh5 58. Bxf6 Nf5 59.
Kf2 Kg6 60. Bc3 Kg5 61. Bd2+ Kh4 62. Kg2 c5 63. Be1+ Kg5 64. Kf2 Kh4 65. Bc3
Kh3 66. Be5 c4 67. Bf4 c3 68. Ke2 Nd4+ 69. Kd3 Nxf3 70. Kxc3 Nxh2 71. Bxh2
1/2-1/2

[Event "NB II. Erkel csoport"]
[Site "Eger"]
[Date "2023.12.10"]
[Round "3.2"]
[White "Vas, Vince"]
[Black "Dencsi, Tibor"]
[Result "0-1"]
[WhiteElo "1943"]
[BlackElo "2269"]
[PlyCount "80"]
[EventDate "2023.10.08"]
[EventType "team-tourn"]
[EventRounds "9"]
[EventCountry "HUN"]
[Source "chess.hu"]
[WhiteTeam "Egri Bolyky BastyaSE"]
[BlackTeam "Vizugyi SC"]
[WhiteTeamCountry "HUN"]
[BlackTeamCountry "HUN"]

1. e4 d5 2. exd5 Qxd5 3. Nc3 Qa5 4. Nf3 Nf6 5. d4 Bg4 6. h3 Bh5 7. g4 Bg6 8.
Bd3 Nc6 9. Bxg6 hxg6 10. g5 Ne4 11. Bd2 Nxc3 12. Bxc3 Qd5 13. Qe2 O-O-O 14. b3
e5 15. O-O-O exd4 16. Bxd4 Nxd4 17. Rxd4 Ba3+ 18. Kb1 Qf5 19. Rxd8+ Rxd8 20. h4
Qc5 21. Ne5 Qc3 22. Nc4 Bc5 23. Qe1 Qxe1+ 24. Rxe1 Bxf2 25. Re4 Rd4 26. Rxd4
Bxd4 27. Nd2 Kd7 28. Nf3 Bf2 29. Kc1 Ke6 30. Kd2 Kf5 31. c4 f6 32. Ke2 Bg3 33.
gxf6 gxf6 34. a4 Kg4 35. b4 Bxh4 36. c5 Bg3 37. b5 Kf4 38. a5 Ke4 39. b6 cxb6
40. a6 bxa6 0-1

[Event "NB II. Erkel csoport"]
[Site "Eger"]
[Date "2023.12.10"]
[Round "3.3"]
[White "Tomosvary, Attila"]
[Black "Huszar, Lorant"]
[Result "1-0"]
[WhiteElo "2126"]
[BlackElo "1925"]
[PlyCount "65"]
[EventDate "2023.10.08"]
[EventType "team-tourn"]
[EventRounds "9"]
[EventCountry "HUN"]
[Source "chess.hu"]
[WhiteTeam "Vizugyi SC"]
[BlackTeam "Egri Bolyky BastyaSE"]
[WhiteTeamCountry "HUN"]
[BlackTeamCountry "HUN"]

1. e4 e5 2. Nf3 Nc6 3. d4 exd4 4. Bc4 Nf6 5. e5 d5 6. Bb5 Ne4 7. Nxd4 Bd7 8.
Bxc6 bxc6 9. O-O Bc5 10. f3 Ng5 11. f4 Ne4 12. Be3 Bb6 13. Nc3 Nxc3 14. bxc3
O-O 15. Qd2 Qe7 16. Rae1 c5 17. Nb3 Bc6 18. f5 d4 19. cxd4 cxd4 20. Nxd4 Bb7
21. Nf3 Rfd8 22. Qc3 Rd5 23. Qb3 Rad8 24. Kh1 Ba6 25. Rg1 Rb5 26. Qa4 Ra5 27.
Qg4 Bxe3 28. Rxe3 Rxa2 29. f6 Qf8 30. Ng5 Bc8 31. Qh4 h6 32. fxg7 Qxg7 33. Ne4
1-0

[Event "NB II. Erkel csoport"]
[Site "Eger"]
[Date "2023.12.10"]
[Round "3.4"]
[White "Kovacs, Daniel"]
[Black "Budai, Akos"]
[Result "1/2-1/2"]
[WhiteElo "1937"]
[BlackElo "2055"]
[PlyCount "29"]
[EventDate "2023.10.08"]
[EventType "team-tourn"]
[EventRounds "9"]
[EventCountry "HUN"]
[Source "chess.hu"]
[WhiteTeam "Egri Bolyky BastyaSE"]
[BlackTeam "Vizugyi SC"]
[WhiteTeamCountry "HUN"]
[BlackTeamCountry "HUN"]

1. e4 c5 2. Nf3 e6 3. d4 cxd4 4. Nxd4 Nc6 5. Be3 a6 6. Bd3 Qc7 7. O-O b5 8. Qd2
Nf6 9. h3 Bb7 10. Nxc6 Qxc6 11. f3 Bd6 12. Nc3 Bb4 13. Qf2 Rc8 14. Ne2 Bc5 15.
Bxc5 1/2-1/2

[Event "NB II. Erkel csoport"]
[Site "Eger"]
[Date "2023.12.10"]
[Round "3.5"]
[White "Kulcsar, Tamas"]
[Black "Nemeth, Laszlo"]
[Result "1/2-1/2"]
[WhiteElo "1974"]
[BlackElo "1960"]
[PlyCount "36"]
[EventDate "2023.10.08"]
[EventType "team-tourn"]
[EventRounds "9"]
[EventCountry "HUN"]
[Source "chess.hu"]
[WhiteTeam "Vizugyi SC"]
[BlackTeam "Egri Bolyky BastyaSE"]
[WhiteTeamCountry "HUN"]
[BlackTeamCountry "HUN"]

1. d4 c6 2. c4 d5 3. Nf3 Nf6 4. Nc3 Bf5 5. a4 Nbd7 6. cxd5 Nxd5 7. Nxd5 cxd5 8.
Qb3 Qb6 9. Qxb6 Nxb6 10. e3 a6 11. Ne5 f6 12. Bd3 Bd7 13. Nxd7 Kxd7 14. b3 e6
15. Bd2 Bd6 16. Ke2 Nc8 17. h4 Ne7 18. b4 e5 1/2-1/2

[Event "NB II. Erkel csoport"]
[Site "Eger"]
[Date "2023.12.10"]
[Round "3.6"]
[White "Vajda, Albert Sr"]
[Black "Pisak, Istvan"]
[Result "1-0"]
[WhiteElo "2073"]
[BlackElo "1945"]
[PlyCount "51"]
[EventDate "2023.10.08"]
[EventType "team-tourn"]
[EventRounds "9"]
[EventCountry "HUN"]
[Source "chess.hu"]
[WhiteTeam "Egri Bolyky BastyaSE"]
[BlackTeam "Vizugyi SC"]
[WhiteTeamCountry "HUN"]
[BlackTeamCountry "HUN"]

1. e4 c6 2. Nc3 d5 3. Nf3 Bg4 4. exd5 cxd5 5. h3 Bxf3 6. Qxf3 e6 7. Bb5+ Nc6 8.
Ne2 a6 9. Ba4 b5 10. Bb3 Nf6 11. d4 Rc8 12. c3 Na5 13. Bc2 Nc4 14. O-O Bd6 15.
Qd3 e5 16. dxe5 Nxe5 17. Qd1 O-O 18. Nd4 Re8 19. Bg5 h6 20. Bxf6 Qxf6 21. Nf5
Nc4 22. Rb1 Re5 23. Qd3 Bc5 24. Ne7+ Kf8 25. Nxc8 g6 26. b4 1-0

[Event "NB II. Erkel csoport"]
[Site "Eger"]
[Date "2023.12.10"]
[Round "3.7"]
[White "D Albini, Geza"]
[Black "Botos, Krisztian"]
[Result "0-1"]
[WhiteElo "1732"]
[BlackElo "1956"]
[PlyCount "48"]
[EventDate "2023.10.08"]
[EventType "team-tourn"]
[EventRounds "9"]
[EventCountry "HUN"]
[Source "chess.hu"]
[WhiteTeam "Vizugyi SC"]
[BlackTeam "Egri Bolyky BastyaSE"]
[WhiteTeamCountry "HUN"]
[BlackTeamCountry "HUN"]

1. c4 d5 2. d4 Nf6 3. e3 c6 4. Nf3 e6 5. b3 Nbd7 6. Bb2 Ne4 7. a3 f5 8. Be2 Bd6
9. Nc3 O-O 10. Nd2 Qg5 11. Bf3 Ndf6 12. g3 b6 13. Ne2 Nxd2 14. Qxd2 Ne4 15.
Bxe4 fxe4 16. O-O Qg4 17. Nf4 g5 18. Ng2 Rf3 19. Qd1 Qh3 20. Ne1 g4 21. Ng2 Bd7
22. Qe2 Raf8 23. Rfd1 R8f6 24. Qf1 Rh6 0-1

[Event "NB II. Erkel csoport"]
[Site "Eger"]
[Date "2023.12.10"]
[Round "3.8"]
[White "Kis, Jozsef"]
[Black "Kiss, Balazs Dr"]
[Result "1-0"]
[WhiteElo "1923"]
[BlackElo "1723"]
[PlyCount "45"]
[EventDate "2023.10.08"]
[EventType "team-tourn"]
[EventRounds "9"]
[EventCountry "HUN"]
[Source "chess.hu"]
[WhiteTeam "Egri Bolyky BastyaSE"]
[BlackTeam "Vizugyi SC"]
[WhiteTeamCountry "HUN"]
[BlackTeamCountry "HUN"]

1. e4 Nf6 2. Nc3 d5 3. e5 Ne4 4. Bb5+ Bd7 5. e6 fxe6 6. Nxe4 dxe4 7. Qh5+ g6 8.
Qe5 Rg8 9. Qxe6 Rg7 10. Bxd7+ Qxd7 11. Qxe4 Nc6 12. Nf3 O-O-O 13. d3 e5 14. Bd2
Qe6 15. Bc3 Re7 16. O-O h6 17. Rfe1 Rde8 18. Re2 Qd6 19. Qg4+ Kb8 20. Rae1 h5
21. Qg3 Bg7 22. h4 Qd5 23. Qxg6 1-0